Final Report (Record no. 157798)

MARC details
000 -CABECERA
campo de control de longitud fija 00575nam a2200157 a 4500
005 - FECHA Y HORA DE LA ÚLTIMA TRANSACCIÓN
campo de control 20210219161452.0
008 - ELEMENTOS DE LONGITUD FIJA--INFORMACIÓN GENERAL
campo de control de longitud fija 120704s1981 mx r 000 0 spa d
035 ## - NÚMERO DE CONTROL DEL SISTEMA
Número de control de sistema UPN01000185695
049 ## - COLECCIÓN
Colección UNE
080 #4 - NÚMERO DE CLASIFICACIÓN DECIMAL UNIVERSAL
Número de la Clasificación Decimal Universal 372.88(5) =20 "1980" FIN
111 2# - ASIENTO PRINCIPAL--NOMBRE DE REUNION
Nombre de congreso/reunión o jurisdicción como elemento de entrada Workshop on problems relating to the language of instruction in multilingual countries in Asia and the pacific
Fecha del congreso/reunión (1980 :
Sede del congreso/Lugar de la reunión Mysore, India)
245 00 - MENCIÓN DE TÍTULO
Título Final Report
260 ## - PUBLICACIÓN, DISTRIBUCIÓN, ETC.
Lugar de publicación, distribución, etc. Paris :
Nombre del editor, distribuidor, etc. UNESCO,
Fecha de publicación, distribución, etc. 1981.
300 ## - DESCRIPCIÓN FÍSICA
Extensión 16 p.
440 00 - MENCIÓN DE SERIE/ASIENTO SECUNDARIO--TÍTULO
Título Division of structures, content, methods and techniques of education ;
Designación de volumen o secuencia ED-81/WS/109
Holdings
Estado de retiro Estado de pérdida Fuente del sistema de clasificación o colocación Estado dañado No para préstamo Código de colección Localización permanente Ubicación/localización actual Ubicación en estantería Fecha de adquisición Clasificación Código de barras Fecha visto por última vez Número de copia Tipo de ítem Koha
    Library of Congress Classification   Disponible (Préstamo en sala) UNESCO Bib. Gregorio Torres Quintero Bib. Gregorio Torres Quintero Colecciones especiales Planta alta 03/02/2023 372.88(5) =20 "1980" FIN U7370 31/12/2020 1 Libro